| 000 | 01237nam a2200241Ia 4500 | ||
|---|---|---|---|
| 003 | Ost | ||
| 005 | 20260507075559.0 | ||
| 008 | 260507s9999||||xx |||||||||||||| ||und|| | ||
| 020 | _a9957330527 | ||
| 040 | _cfsecg | ||
| 041 | _aara | ||
| 082 | _a300 | ||
| 100 |
_aالهيتي، عبد الستار ابراهيم _eمؤلف |
||
| 245 | 0 |
_aالاستهلاك وضوابطه في الاقتصاد الاسلامي / _c عبد الستار ابراهيم الهيتي |
|
| 260 |
_aعمان: _bمؤسسة الوراق للنشر و التوزيع, _c2005 |
||
| 300 |
_a474 صفحة؛ _c24 سم |
||
| 504 | _aمراجع ص.426 | ||
| 520 | _aمفهوم الاستهلاك و طبيعته, الحاجات و دورها في العملية الاستهلاكية اضافة الى المنهج الاسلامي للاستهلاك, ضوابط الاستهلاك و محدداته و كذا سلوك المستهلك و توازنه في الفكر الاقتصادي و في الاخير الاستهلاك و علاقته بالانشطة الاقتصادية في الاقتصاد الاسلامي. | ||
| 653 | _aالاستهلاك | ||
| 653 | _aالاقتصاد الاسلامي | ||
| 653 | _aالنفقات | ||
| 942 | _cكتاب | ||
| 999 |
_c44994 _d44994 |
||